|
|
|
|
| LEADER |
01496nam a2200409 a 4500 |
| 001 |
EBC1020512 |
| 003 |
MiAaPQ |
| 005 |
20200520144314.0 |
| 006 |
m o d | |
| 007 |
cr cn||||||||| |
| 008 |
110526s2010 sz a sb 000 0 eng d |
| 010 |
|
|
|z 2011377368
|
| 020 |
|
|
|z 3034603681
|
| 020 |
|
|
|z 9783034603683
|
| 020 |
|
|
|a 9783034611398 (electronic bk.)
|
| 035 |
|
|
|a (MiAaPQ)EBC1020512
|
| 035 |
|
|
|a (Au-PeEL)EBL1020512
|
| 035 |
|
|
|a (CaPaEBR)ebr10728921
|
| 035 |
|
|
|a (CaONFJC)MIL503486
|
| 035 |
|
|
|a (OCoLC)851970487
|
| 040 |
|
|
|a MiAaPQ
|c MiAaPQ
|d MiAaPQ
|
| 050 |
|
4 |
|a NK1525
|b .C64 2010
|
| 082 |
0 |
4 |
|a 745.4
|2 23
|
| 245 |
0 |
0 |
|a Creating desired futures
|h [electronic resource] :
|b how design thinking innovates business /
|c Michael Shamiyeh and DOM Research Laboratory (ed.).
|
| 260 |
|
|
|a Basel, Switzerland :
|b Birkhauser,
|c 2010.
|
| 300 |
|
|
|a 422 p. :
|b ill. (chiefly col.)
|
| 504 |
|
|
|a Includes bibliographical references.
|
| 533 |
|
|
|a Electronic reproduction. Ann Arbor, MI : ProQuest, 2015. Available via World Wide Web. Access may be limited to ProQuest affiliated libraries.
|
| 650 |
|
0 |
|a Design.
|
| 650 |
|
0 |
|a Creative ability in business.
|
| 650 |
|
0 |
|a Organizational change.
|
| 650 |
|
0 |
|a Organizational effectiveness.
|
| 655 |
|
4 |
|a Electronic books.
|
| 700 |
1 |
|
|a Shamiyeh, Michael.
|
| 710 |
2 |
|
|a DOM Research Laboratory.
|
| 710 |
2 |
|
|a ProQuest (Firm)
|
| 856 |
4 |
0 |
|u https://ebookcentral.proquest.com/lib/matrademy/detail.action?docID=1020512
|z Click to View
|